Wszyscy Mistrzowie KSW (01.2026) - Statystyki

Ogólne statystyki
  • Ten quiz został rozwiązany 412 razy
    175 od ostatniego zresetowania
  • Średni wynik to 36 z 47
Statystyki odpowiedzi
WAGA CIĘŻKA % Poprawnych
Phil de Fries def. Michał Andryszak 14.04.2018
97%
Mamed Khalidov def. Daniel Acacio 15.05.2009
95%
Mamed Khalidov def. Michał Materla 28.11.2015
95%
Mamed Khalidov def. Scott Askham 10.10.2020
95%
Mateusz Gamrot def. Mansour Barnaoui 27.05.2016
95%
Mateusz Gamrot def. Kleber Koike Erbst 01.12.2018
95%
Jakub Wikłacz def Sebastian Przybysz 17.12.2022
93%
Salahdine Parnasse def Valeriu Mircea (tym) 06.04.2024
92%
Salahdine Parnasse def Daniel Torres 18.12.2021
92%
Sebastian Przybysz def Antun Racić 20.03.2021
92%
Adrian Bartosiński def Artur Szczepaniak 22.04.2023
90%
Paweł Pawlak def. Tomasz Romanowski 03.06.2023
90%
Robert Ruchała (tym) def. Lom-Ali Eskiev 17.03.2023
90%
Robert Ruchała (tym) def. Patryk Kaczmarczyk 11.05.2024
90%
Tomasz Narkun def. Goran Reljić 31.10.2015
89%
Borys Mańkowski def Aslambek Saidov 17.05.2014
88%
Karol Bedorf def. Paweł Nastula 23.09.2013
88%
Michał Materla def. Jay Silva 12.05.2012
88%
Marcin Różalski def. Fernando Rodrigues Jr. 27.05.2017
86%
Roberto Soldić def. Mamed Khalidov 18.12.2021
85%
Roberto Soldić def Borys Mańkowski 23.12.2017
85%
Roberto Soldić def Dricus du Plessis 06.10.2018
85%
Jan Błachowicz def. Rameau Thierry Sokoudjou 26.11.2011
84%
Karolina Kowalkiewicz def Marta Chojnoska 08.06.2013
84%
Patryk Kaczmarczyk (tym) def Adam Soldaev 15.11.2025
84%
Marian Ziółkowski def. Roman Szymański 19.12.2020
82%
Rafał Haratyk def Damian Piwowarczyk 24.02.2024
82%
Salahdine Parnasse (tym) def Sebastian Rajewski 12.11.2022
82%
Salahdine Parnasse (tym) def. Roman Szymański 27.04.2019
82%
Piotr Kuberski (tym.) def. Tomasz Romanowski 08.03.2025
80%
Marcin Wrzosek def Artur Sowiński 03.12.2016
72%
Dricus du Plessis def. Roberto Soldić 14.04.2018
70%
Scott Askham def. Michał Materla 18.05.2019
68%
Daniel Torres def. Salahdine Parnasse 30.01.2021
67%
Ariane Lipski def Diana Belbita 27.05.2017
66%
Norman Parke (tym) def. Marcin Wrzosek 14.09.2019
66%
Artur Sowiński def. Kleber Koike Erbst 28.11.2015
64%
Fernando Rodrigues Jr. def. Karol Bedorf 03.12.2016
64%
Maciej Jewtuszko def. Artur Sowiński 01.12.2012
61%
Kleber Koike Erbst def. Marcin Wrzosek 27.05.2017
59%
Antun Racić def. Damian Stasiak 09.11.2019
56%
Ibragim Chuzhigaev def. Tomasz Narkun 15.01.2022
53%
Aslambek Saidov def. Borys Mańkowski 01.12.2012
52%
Krzysztof Kułak def Vitor Nobrega 07.05.2010
41%
Valeriu Mircea (tym) def. Leo Brichta 17.02.2024
41%
Rameau Thierry Sokoudjou def. Jan Błachowicz 19.03.2011
36%
Goran Reljić def. Attila Vegh 23.05.2015
25%
Nie znaleziono quizów pasujących do podanych kryteriów
Rozkład punktacji
Procent ludzi z każdym wynikiem
Percentyl według liczby udzielonych odpowiedzi
Twoja historia wyników
Nie rozwiązałeś tego quizu od ostatniego zresetowania